Влияние структуры на сопротивление изнашиванию полимер-полимерных композитов на основе СВМПЭ; Физическая мезомеханика многоуровневых систем - 2014. Моделирование, эксперимент, приложения

Detalhes bibliográficos
Parent link:Физическая мезомеханика многоуровневых систем - 2014. Моделирование, эксперимент, приложения.— 2014.— [С. 112-114]
Autor Corporativo: Национальный исследовательский Томский политехнический университет (ТПУ) Институт физики высоких технологий (ИФВТ) Кафедра материаловедения в машиностроении (ММС)
Outros Autores: Панин С. В. Сергей Викторович, Корниенко Л. А. Людмила Александровна, Мандунг Тирават, Нгуен Суан Тьук, Полтаранин М. А. Михаил Александрович, Иванова Л. Р. Лариса Рюриковна, Шилько В. К. Владимир Казимирович
Resumo:Заглавие с экрана
Idioma:russo
Publicado em: 2014
Colecção:Неустойчивость и локализация деформации и разрушения в многоуровневых системах
Assuntos:
Acesso em linha:http://www.issp.ac.ru/ebooks/conf/FMM_2014.pdf#page=113
Formato: MixedMaterials Recurso Electrónico Capítulo de Livro
KOHA link:https://koha.lib.tpu.ru/cgi-bin/koha/opac-detail.pl?biblionumber=656414

MARC

LEADER 00000naa0a2200000 4500
001 656414
005 20250620134120.0
035 |a (RuTPU)RU\TPU\network\22855 
035 |a RU\TPU\network\22853 
090 |a 656414 
100 |a 20171110d2014 k y0rusy50 ca 
101 0 |a rus 
102 |a RU 
135 |a drcn ---uucaa 
181 0 |a i  
182 0 |a b 
200 1 |a Влияние структуры на сопротивление изнашиванию полимер-полимерных композитов на основе СВМПЭ  |f С. В. Панин [и др.] 
203 |a Текст  |c электронный 
225 1 |a Неустойчивость и локализация деформации и разрушения в многоуровневых системах 
300 |a Заглавие с экрана 
463 |t Физическая мезомеханика многоуровневых систем - 2014. Моделирование, эксперимент, приложения  |o международная конференция, 3-5 сентября 2014, Томск, Россия : тезисы докладов  |v [С. 112-114]  |d 2014 
610 1 |a электронный ресурс 
610 1 |a труды учёных ТПУ 
610 1 |a изнашивание 
610 1 |a полимер-полимерные композиции 
610 1 |a сопротивление 
610 1 |a влияние 
610 1 |a структура 
701 1 |a Панин  |b С. В.  |c специалист в области материаловедения  |c профессор Томского политехнического университета, доктор технических наук  |f 1971-  |g Сергей Викторович  |3 (RuTPU)RU\TPU\pers\26548  |9 12237 
701 1 |a Корниенко  |b Л. А.  |g Людмила Александровна 
701 0 |a Мандунг Тирават 
701 0 |a Нгуен Суан Тьук 
701 1 |a Полтаранин  |b М. А.  |g Михаил Александрович 
701 1 |a Иванова  |b Л. Р.  |g Лариса Рюриковна 
701 1 |a Шилько  |b В. К.  |g Владимир Казимирович 
712 0 2 |a Национальный исследовательский Томский политехнический университет (ТПУ)  |b Институт физики высоких технологий (ИФВТ)  |b Кафедра материаловедения в машиностроении (ММС)  |3 (RuTPU)RU\TPU\col\18688 
801 1 |a RU  |b 63413507  |c 20141010 
801 2 |a RU  |b 63413507  |c 20171110  |g RCR 
850 |a 63413507 
856 4 |u http://www.issp.ac.ru/ebooks/conf/FMM_2014.pdf#page=113 
942 |c CF